成田空港 国際線就航先 - Statistics

General Stats
  • This quiz has been taken 64 times
  • The average score is 60 of 100
Answer Stats
Answer % Correct
パリ
100%
ドバイ
97%
カイロ
97%
ヘルシンキ
97%
ソウル
93%
北京(首都)
93%
上海(浦東)
93%
釜山
90%
ジャカルタ
90%
ロサンゼルス
90%
台北
86%
デリー
86%
マドリード
86%
青島
83%
香港
83%
ハノイ
83%
ホーチミン
83%
バンコク(スワンナプーム)
83%
バンコク(ドンムアン)
83%
クアラルンプール
83%
シンガポール
83%
アブダビ
83%
ドーハ
83%
メルボルン
83%
サンフランシスコ
83%
ホノルル
83%
天津
79%
杭州
79%
マニラ
79%
イスタンブール
79%
フランクフルト
79%
シアトル
79%
ボストン
79%
グアム
79%
高雄
76%
マカオ
76%
バンクーバー
76%
メキシコシティ
76%
済州
72%
セブ
72%
ムンバイ
72%
ヒューストン
72%
大連
69%
ミラノ
69%
オークランド
69%
シカゴ
69%
トロント
69%
成都
66%
アムステルダム
66%
ダラス
66%
チューリッヒ
62%
ブリスベン
62%
モントリオール
62%
武漢
59%
西安
59%
深圳
59%
ダッカ
59%
アディスアベバ
59%
ワルシャワ
59%
大邱
55%
南京
55%
パース
55%
テルアビブ
52%
ブリュッセル
52%
ハルビン
48%
厦門
48%
福州
48%
ウランバートル
48%
サンノゼ
48%
サイパン
48%
昆明
45%
ダナン
41%
ケアンズ
41%
サンディエゴ
41%
ニューアーク
41%
カルガリー
41%
清州
38%
瀋陽
38%
カトマンズ
38%
デンバー
34%
長春
31%
デンパサール
31%
アンカレッジ
31%
ベンガルール
28%
タシケント
28%
寧波
24%
鄭州
24%
バンダルスリブガワン
24%
石家荘
21%
クラーク
21%
パペーテ
21%
ナンディ
17%
バクー
14%
ルクセンブルク
10%
南通
7%
マナド
7%
ライプツィヒ
3%
シンシナティ
3%
ルイビル
3%
No matching quizzes found
Score Distribution
Percent of People with Each Score
Percentile by Number Answered
Your Score History
You have not taken this quiz